Evénements du 26 novembre - Statistiques

Statistiques générales
  • Ce quiz a été pris 46 fois
  • Le résultat moyen est 8 sur 15
Statistiques - réponses
Hint Réponse % Correct
Bataille de la Bérézina 1812
89%
Naissance de la chanteuse et actrice Louane 1996
86%
Simone Veil présente son projet de loi pour la légalisation de l'avortement 1974
71%
Mort de la reine d'Espagne, Isabelle la Catholique 1504
68%
250e lancement d'une fusée Ariane 2019
68%
Fondation de Montpellier 985
68%
Naissance de Tina Turner 1939
57%
Mariage de Nicolas II de Russie et d'Alexandra de Hesse 1894
46%
Naissance d'Eugène Ionesco, écrivain 1909
43%
Mort du maréchal Jean-de-Dieu Soult 1851
39%
Lewis Carroll publie Alice au pays des merveilles 1865
32%
Naissance de Maurice McDonald fondateur des restaurants du même nom 1902
29%
La France lance sa première fusée Diamant 1965
21%
Ouverture du métro de Marseille 1977
18%
Mise en service de l'usine marémotrice sur la Rance 1966
14%
Aucun quiz correspondant
Distribution des résultats
% des personnes avec chaque résultat
Percentile par nombre de réponses
Votre historique - résultats
Vous n’avez pas pris ce quiz